| 000 | 01178cab a2200253 4500 | ||
|---|---|---|---|
| 001 | ABS45801 | ||
| 008 | 090401t1991 xxu||||| |||| 00| 0 eng d | ||
| 035 | _a(Sirsi) u55125 | ||
| 041 | _aeng | ||
| 100 | _aFogel, S. | ||
| 245 | _aRecent developments in arbitration 1&2 | ||
| 260 | _c1991 | ||
| 350 | _a0 | ||
| 490 |
_aRent Review & Lease Renewal _v12(1) Autumn 1991, 12-20; 12(2) Winter 1991/92 133 |
||
| 520 | _aA two part paper on arbitration. Part 1 examines policy issues, a proposed Arbitration Bill, selection problems for the appointment of arbitrators, terms of appointment, without prejudice, evidence, discovery, whether the arbitrator has to give reasons, and costs. Part 2 looks at appeals, election to affirm the award and fitness for purpose. References to caselaw throughout. (This paper was originally delivered to the ARBRIX Club, May 1991). | ||
| 650 | _aARBITRATORS' AWARDS | ||
| 650 | _aCASE LAW | ||
| 650 | _aFITNESS FOR PURPOSE | ||
| 650 | _aMARRIOTT GROUP | ||
| 650 | _aRENT REVIEWS | ||
| 690 | _aMANAGEMENT-DISPUTE AVOIDANCE, MANAGEMENT AND RESOLUTION-DISPUTE MANAGEMENT AND RESOLUTION-ARBITRATION | ||
| 942 | _n0 | ||
| 948 | _c04/03/1997 | ||
| 999 |
_c33698 _d33698 |
||